Midaq Alley (Record no. 1464118)

MARC details
000 -LEADER
fixed length control field 00740 a2200241 4500
003 - CONTROL NUMBER IDENTIFIER
control field OSt
005 - DATE AND TIME OF LATEST TRANSACTION
control field 20260312113512.0
008 - FIXED-LENGTH DATA ELEMENTS--GENERAL INFORMATION
fixed length control field 260312b |||||||| |||| 00| 0 eng d
020 ## - INTERNATIONAL STANDARD BOOK NUMBER
International Standard Book Number 9789774167133 (pbk)
Terms of availability TB
037 ## - SOURCE OF ACQUISITION
Terms of availability TB
040 ## - CATALOGING SOURCE
Original cataloging agency AL
Language of cataloging pun
Transcribing agency AL
041 ## - LANGUAGE CODE
Language code of text/sound track or separate title pun
100 ## - MAIN ENTRY--PERSONAL NAME
Personal name Mahfouz, Naguib
9 (RLIN) 846731
245 ## - TITLE STATEMENT
Title Midaq Alley
260 ## - PUBLICATION, DISTRIBUTION, ETC.
Place of publication, distribution, etc. Cairo, New York:
Name of publisher, distributor, etc. The American University in Cairo Press,
Date of publication, distribution, etc. 2011.
300 ## - PHYSICAL DESCRIPTION
Extent 280p.
365 ## - TRADE PRICE
Price amount 9.99
Currency code GBP
600 ## - SUBJECT ADDED ENTRY--PERSONAL NAME
Personal name Arabic Literature
9 (RLIN) 1131790
610 ## - SUBJECT ADDED ENTRY--CORPORATE NAME
Corporate name or jurisdiction name as entry element Arabic Novel
9 (RLIN) 1131791
700 ## - ADDED ENTRY--PERSONAL NAME
Personal name Humphrey Davies
Relator term Tr.
9 (RLIN) 1131792
942 ## - ADDED ENTRY ELEMENTS (KOHA)
Koha item type Textbook
Source of classification or shelving scheme Colon Classification (CC)
Classification part O28,3N11,MA 111Q1
Holdings
Withdrawn status Lost status Source of classification or shelving scheme Damaged status Not for loan Home library Current library Date acquired Source of acquisition Cost, normal purchase price Inventory number Total Checkouts Full call number Barcode Date last seen Cost, replacement price Price effective from Koha item type
    Colon Classification (CC)     Arts Library Arts Library 2026-02-06 Knowledge Warehouse 860.35 4462/05/02/2026   O28,3N11,MA 111Q1 AL1805284 2026-02-06 1229.07 2026-02-06 Textbook
Copyright @ Delhi University Library System